000 00454nam a2200205Ia 4500
003 0100
008 130303s9999 xx 000 0 und d
020 _a0684148250
040 _cARRUPELIB
050 _aB1255.L3 1956
245 _aLocke
245 _bselections
260 _aNew York
260 _bCharles Scribner's Sons
260 _C1956
300 _a349p.
300 _b 20cm.
700 _aLamprecht, Sterling P. (ed.)
942 0 0 _02
999 _c51288
_d51288